000 00564nam a2200169Ia 4500
008 180921t2017 xxu||||| |||| 00| 0 sin d
041 _asin
080 _a294.3
_bGNA
100 _aGnanananda Himi, Kiribathgoda
245 _aදෙව්ලොව උපත රැකවරණයකි : අලුත් දහම් වැඩසටහන - 3
246 _aDewlowa Upatha Rekawaranayaki : Aluth Daham Wedasatahana -3
260 _bMahamegha
_aPolgahawela
_c2017
300 _b92p, 21cm
942 _cBK
999 _c1918
_d1918
003 LK-CoDNM
040 _aLK-CoDNM
_dLK-CoDNM
_eLK-CoDNM